书目信息 |
| 题名: |
Super·分级分类英汉对照读物
|
|
| 作者: | 司树森 , 王天明 主编 | |
| 分册: | 四级 综合篇 | |
| 出版信息: | 北京 中国人民大学出版社 2005.11 |
|
| 页数: | 515页 | |
| 开本: | 21cm | |
| 丛书名: | ||
| 单 册: | ||
| 中图分类: | H319.4 | |
| 科图分类: | ||
| 主题词: | 英语--ying yu--阅读教学--高等学校--水平考试--自学参考资料 | |
| 电子资源: | ||
| ISBN: | 7-300-06340-3 | |
| 000 | 00947nam0 2200241 450 | |
| 001 | 012006672879 | |
| 005 | 20060922160004.40 | |
| 010 | @a7-300-06340-3@dCNY19.80 | |
| 100 | @a20051204d2005 km y0chiy0120 ea | |
| 101 | 0 | @achi@aeng |
| 102 | @aCN@b110000 | |
| 105 | @ay z 000yy | |
| 200 | 1 | @aSuper·分级分类英汉对照读物@ASuper·fen ji fen lei ying han dui zhao du wu@h四级@i综合篇@f司树森, 王天明主编@Fsi shu sen,wang tian ming zhu bian |
| 210 | @a北京@c中国人民大学出版社@d2005.11 | |
| 215 | @a515页@d21cm | |
| 330 | @a本书是一部高等学校英语四级考试阅读教学的自学参考资料,内容包括:因果关系、艺术的文化研究、孩子的世界、社会的变革、保护自然环境、与情人约会等。 | |
| 333 | @a英语学习者和英语爱好者。 | |
| 606 | 0 | @a英语@Aying yu@x阅读教学@x高等学校@x水平考试@j自学参考资料 |
| 690 | @aH319.4@v4 | |
| 701 | 0 | @a司树森@Asi shu sen@4主编 |
| 701 | 0 | @a王天明@Awang tian ming@4主编 |
| 801 | 0 | @aCN@c20060922 |
| 905 | @apdsgxy@dH319.4@eS703 | |
| Super·分级分类英汉对照读物.四级.综合篇/司树森, 王天明主编.-北京:中国人民大学出版社,2005.11 |
| 515页;21cm |
| 使用对象:英语学习者和英语爱好者。 |
| ISBN 7-300-06340-3:CNY19.80 |
| 本书是一部高等学校英语四级考试阅读教学的自学参考资料,内容包括:因果关系、艺术的文化研究、孩子的世界、社会的变革、保护自然环境、与情人约会等。 |
| ● |
| 相关链接 |
|
|
|
正题名:Super·分级分类英汉对照读物
索取号:H319.4/S703
 
预约/预借
| 序号 | 登录号 | 条形码 | 馆藏地/架位号 | 状态 | 备注 |
| 1 | 595626 | 205956269 | 语言库209/209语言库 48排5列1层/ [索取号:H319.4/S703] | 在馆 | |
| 2 | 595627 | 205956278 | 语言库209/209语言库 48排5列1层/ [索取号:H319.4/S703] | 在馆 | |
| 3 | 595628 | 205956287 | 语言库209/209语言库 48排5列1层/ [索取号:H319.4/S703] | 在馆 |